Electronic devices on discrete components for industrial and power engineering (Record no. 41540)

MARC details
000 -LEADER
fixed length control field 00713nam a2200181 a 4500
008 - FIXED-LENGTH DATA ELEMENTS--GENERAL INFORMATION
fixed length control field 100118s2008 ||||||||||||||||| || u
020 ## - INTERNATIONAL STANDARD BOOK NUMBER
International Standard Book Number 1420069829
050 ## - LIBRARY OF CONGRESS CALL NUMBER
Classification number TK 7881.15 Gur
100 ## - MAIN ENTRY--PERSONAL NAME
Personal name Gurevich, Vladimir
245 10 - TITLE STATEMENT
Title Electronic devices on discrete components for industrial and power engineering
Statement of responsibility, etc. by Vladimir Gurevich
260 ## - PUBLICATION, DISTRIBUTION, ETC.
Place of publication, distribution, etc. New York:
Name of publisher, distributor, etc. CRC Press
Date of publication, distribution, etc. 2008
300 ## - PHYSICAL DESCRIPTION
Extent 419p.: ill
350 ## - PRICE (NR) (BK AM CF MU VM SE) [OBSOLETE]
Price 0.00
650 #0 - SUBJECT ADDED ENTRY--TOPICAL TERM
Topical term or geographic name entry element ELECTRONICS
650 ## - SUBJECT ADDED ENTRY--TOPICAL TERM
Topical term or geographic name entry element INDUSTRIAL ELECTRONICS
650 ## - SUBJECT ADDED ENTRY--TOPICAL TERM
Topical term or geographic name entry element POWER ELECTRONICS--EQUIPMENT AND SUPPLIES
995 ## - RECOMMENDATION 995 [LOCAL, UNIMARC FRANCE]
-- 0.00
-- CBU-MAIN LIBRARY (Kitwe)
-- 1
-- 0.00
-- 1
-- AVAILABLE
-- Mar 3, 2010
-- Main Library Open Access Collection
Holdings
Withdrawn status Lost status Source of classification or shelving scheme Damaged status Not for loan Home library Current library Shelving location Date acquired Total Checkouts Full call number Barcode Date last seen Price effective from Koha item type
          CBU-MAIN LIBRARY, KITWE. CBU-MAIN LIBRARY, KITWE.   11/30/2022   TK 7881.15 Gur 740620 11/30/2022 11/30/2022 MONOGRAPH